[Event "World-ch Tournament"]
[Site "Mexico City"]
[Date "2007.09.21"]
[Round "8"]
[White "Svidler, Peter"]
[Black "Kramnik, Vladimir"]
[Result "1/2-1/2"]
[WhiteElo "2735"]
[BlackElo "2769"]
[Annotator "Marin,M"]
[PlyCount "58"]
[EventDate "2007.09.13"]
[EventType "tourn"]
[EventRounds "14"]
[EventCountry "MEX"]
[EventCategory "21"]
[SourceTitle "CBM 120"]
[Source "ChessBase"]
[SourceDate "2007.10.02"]
[SourceVersion "1"]
[SourceVersionDate "2007.10.02"]
[SourceQuality "1"]

1. e4 e5 2. Nf3 Nf6 3. Nxe5 d6 4. Nf3 Nxe4 5. Nc3 Nxc3 6. dxc3 Be7 7. Bf4 O-O
8. Qd2 Nd7 9. O-O-O Nc5 10. Be3 Re8 11. Bc4 Be6 12. Bxe6 Nxe6 13. h4 Qd7 14.
Qd5 Qc6 15. Qf5 Qc4 ({A novelty over Una novedad con respecto a} 15... Nf8 {
as played in the fourth round game Svidler-Gelfand. The knight retreat looks
like a solid option and eventually led to a quick draw, but has the drawback
that it leaves White a free hand for developing his initiative. If Svidler was
ready to repeat the variation, he obviously had prepared some improvement. The
idea behind Kramnik's move is to question the enemy queen's domination over
the right wing as soon as possible. This will be the main theme of the next
phase of the game. que se había jugado en la cuarta ronda en la partida
Svidler-Gelfand. La retirada de caballo parece una opción sólida y había
llevado a unas tablas rápidas en dicha ocasión, pero tiene la desventaja de
dejar a las blancas manos libres para desarrollar su iniciativa. La idea
detrás de la jugada de Kramnik es cuestionar lo antes posible la dominación de
la dama enemiga en el flanco de rey. Este será el tema principal durante la
siguíente fase de la partida.}) 16. Kb1 (16. Ng5 Bxg5 17. hxg5 {looks too
straigthforward to cause Black serious problems.} Nf8 {Safely defending the
h7-pawn and preparing the activation of rooks.} 18. Kb1 Re5 19. Qd3 Qxd3 20.
cxd3 Rae8 21. Rh3 b6 22. Kc2 R5e6 23. Rdh1 f6 {Finally annihilating White's
advantage of space on the kingside.} 24. gxf6 Rxf6 25. d4 d5 26. Kd3 h6 $11 {
Karjakin,S (2678)-Kramnik,V (2766)/Wijk aan Zee 2007/CBM 117 (1/2-1/2, 33)})
16... g6 17. Qh3 h5 18. Nd2 $146 {But only this is the really new move.} (18.
Nd4 Nxd4 $6 {This might be the cause to Black's future problems. White is
given the possibility to activate his major pieces.} (18... Ng7 $5 {[%cal
Yd6d5,Yc7c5,Ga8d8] , consolidating the kingside in advance and leaving the
enemy knight exposed in the centre deserves attention.}) 19. Rxd4 Qe6 20. Qf3
Bf6 21. Rb4 b6 22. Qc6 Rac8 23. Rd1 a5 24. Rc4 Rcd8 25. a4 Re7 26. Rd5 Qd7 27.
g3 Qxc6 28. Rxc6 Ra8 29. Ka2 $1 {[%cal Ya2c4,Yc4b5] Bartel,M (2569)-Fridman,D 
(2604)/Germany 2006/CBM 116 (1-0, 58). and White's domination on the light
squares eventually yielded him a win.}) 18... Qe2 $5 ({A super-refined move.
The immediate} 18... Qg4 {looks more natural, but Black has good reasons to
provoke the move Rde1. First of all (but not the most important), Black plans
to play ...d5 and it could be useful to eliminate any possibility of pressure
along the d-file. However, the essence is that the opposition of rooks along
the e-file favours Black. In certain cases, the e3-bishop could remain pinned,
while in others the exchange of rooks along the e-file would diminish White's
attacking chances on the kingside.}) 19. Rde1 Qg4 20. Qh2 (20. Qxg4 hxg4 21. h5
{looks tempting, but Black seems to have sufficient defensive resources.} gxh5
$1 (21... Kg7 22. hxg6 Kxg6 23. Rh6+ Kg7 24. Reh1 Rh8 25. Rxh8 Rxh8 26. Rxh8
Kxh8 {Apparently, everything is OK for Black, but the unexpected} 27. Bxa7 $5 {
(in the spirit of the first game of the Fischer-Spassky match) maintains
better chances for White after} b6 28. a4 $1) 22. Rxh5 Ng7 $1 {It appears that
the h-file does not offer White too many squares for his rook(s).} 23. Rhh1 (
23. Rh2 Bf6 24. Reh1 $6 {is risky because of} Nf5 $36 {[%csl Ge3,Gh8]} 25. Nf1
Nxe3 26. Nxe3 g3 $1 $17) 23... Nf5 $132) 20... d5 21. f3 Qa4 22. g4 {Finally,
White has managed to start a kingside attack which bears some similarity with
the sharp lines of the Sicilian Dragon. It should be noticed that his own king
finds himself in absolute safety, because of the absence of open files on the
queenside. Finalmente, las blancas han conseguído lanzar un ataque en el
flanco de rey que se parece a las agudas líneas de la variante del Dragon de
la Siciliana. Cabe mencionar que su proprio rey se encuantra en absoluta
seguridad, por la falta de líneas abiertas en el flanco de dama.} Bd6 (22...
hxg4 $2 23. h5 $1 $36) 23. Qf2 Ng7 {We can also notice some differences if
compared to the Dragon, which favour Black. We have here an open file, which
can always be used by the defending side for transposing to an ending by
exchanging all rooks. This could happen if White tries to undermine Black's
kingside fortress with Bd4, threatening Bxg7 and gxh5. Another aspect is
Black's advantage of space in the centre (something unthinkable in the Dragon).
Concretely, the presence of the d5-pawn restricts the activity of the white
knight. También podemos observar ciertas diferencias con respecto al Dragon
que favorecen a las negras. La presencía de una línea abierta ofrece a la
parte en defensa simplificar la posición mediante el cambio de todas las
torres. Por ejemplo. esto podía pasar en caso de Ad4, con idea de subminar la
fortaleza negra del flanco de rey con Axg7 y gxh5. Otro aspecto se refiere a
la ventaja de espacío en el centro de las negras, algo impensable en el Dragon.
Concretamente, la presencía del peón de d5 en el centro restringe la actividad
del caballo enemigo.} 24. c4 $5 (24. Bd4 Rxe1+ 25. Rxe1 Re8 $11 26. Rg1 Be5 $1
{[%csl Gg7,Gh5]}) 24... dxc4 25. Bd4 {Svidler has cleared the e4-square for
his knight, which can make a lot of difference after the aforementioned
solution 25...Rxe1+ 26.Rxe1 Re8 because of 27.Ne4! However, the structural
modifications in the centre have also opened the d-file and the h1-a8 diagonal,
which will offer Black additional possibilities for defence and counterattack.
Svidler eliberó la casilla de e4 para su caballo, lo que sería un factor
esencial después de la parada mencionada anterirmente 25...Rxe1+ 26.Rxe1 Re8
por 27.Ne4! Sin embargo, las modificaciones structurales en el centro han
dejado abiertas la columna de d y la gran diagonal blanca, lo que les ofrecerá
posibilidades adicionales de defensa y contraataque a las negras.[#]} Qc6 $1 {
Indirectly defending the f6-square. Defendiendo la casilla de f6 de forma algo
indirecta.} 26. Bc3 ({Threatening Qd4. Amenazando Qd4. No era peligrosa} 26.
Ne4 {was not dangerous because of por} Be5 {revealing the idea behind Black's
previous move. There was no time for slow increase of the pressure with ,
dejando clara la idea de la jugada anterior de las negras. Tampoco queda
tiempo para aumentar la presión con} 27. Re2 {because of por} Rad8 {the d-file
serves Black quite well for starting his counterplay. cuando la columna de d
les sirve a las negras para fuerte contrajuego.}) (26. Bxg7 Kxg7 27. Qd4+ Kg8
28. gxh5 {would weaken the position of Black's king, but the own king would
start feeling insecure, too, after} c3 $1 29. Nc4 (29. Ne4 Be5 $1) 29... Rxe1+
({After} 29... cxb2 30. hxg6 $40 {White's king feels safer than his rival. The
black b2-pawn offers even better protection than the white pawn on the same
square.}) {Now, a logical (but more spectacular) way to achieve the same
result as in the game would be} 30. Rxe1 Re8 31. Rxe8+ (31. Rd1 Bf8 $1 {
[%cal Yf8g7]}) 31... Qxe8 32. Qxc3 gxh5 33. Nxd6 Qe2 $1 34. a3 Qd1+ 35. Ka2
Qxd6 $11) 26... Bc5 27. Qg3 Bd6 28. Qf2 ({The only reasonable way to avoid an
immediate draw was La única manera de evitar lastablas inmediatas sería} 28.
Qg2 {, but after the opening of the long diagonal the white queen would feel
dominated by her rival. Just think about Leko's uninspired queen retreats in
his game against Gelfand! , pero después de la apertura de la gran diagonal la
dama blanca se sentiría dominada por su rival. Recuerde las retiradas de dama
de Leko contra Gelfand, unos días antes.}) 28... Bc5 29. Qg3 Bd6 1/2-1/2

[Event "World-ch Tournament"]
[Site "Mexico City"]
[Date "2007.09.29"]
[Round "14"]
[White "Morozevich, Alexander"]
[Black "Gelfand, Boris"]
[Result "1/2-1/2"]
[WhiteElo "2758"]
[BlackElo "2733"]
[Annotator "Marin,M"]
[PlyCount "90"]
[EventDate "2007.09.13"]
[EventType "tourn"]
[EventRounds "14"]
[EventCountry "MEX"]
[EventCategory "21"]
[SourceTitle "CBM 120"]
[Source "ChessBase"]
[SourceDate "2007.10.02"]
[SourceVersion "1"]
[SourceVersionDate "2007.10.02"]
[SourceQuality "1"]

1. e4 e5 2. Nf3 Nf6 3. Nxe5 d6 4. Nf3 Nxe4 5. d4 ({This Gelfand's fourth game
with the Petroff in this tournament, but the first time when he faces the
classical main line. His opponents from the previous games played En México,
esta es la cuarta partida de Gelfand con la Defensa Rusa, pero solo la primera
ocasión cuando tiene que enfrentarse a la antigua linea principal. En sus
partidas anteriores, sus contrincantes preferirieron} 5. Nc3) 5... d5 6. Bd3
Nc6 7. O-O Be7 8. Re1 Bg4 ({Nowadays, How en dia,} 8... Bf5 {is almost
universally played and White usually gets big headaches trying to break
Black's fortress. We cannot know whether Gelfand had prepared the slightly
more active bishop for the whole tournament or just specially for this game.
es casi universalmente jugado, cuando romper la posición de las negras es un
verdadero "comecoco" para las blancas. No podemos saber si Gelfand había
preparado la incursión algo más larga del alfil para todo el torneo, o
especialmente para su partida de hoy.}) 9. c4 Nf6 10. Nc3 Bxf3 11. Qxf3 Nxd4
12. Qd1 Ne6 13. Bf5 (13. cxd5 Nxd5 14. Bb5+ c6 15. Nxd5 cxb5 16. Qb3 O-O 17.
Nxe7+ Qxe7 18. Qxb5 a6 19. Qb3 Rfd8 20. Be3 Rac8 21. Rac1 h6 22. h3 Nd4 {
1/2-1/2 Kasparov,G (2700)-Karpov,A (2720)/Moscow 1985/MainBase}) 13... d4 $5 ({
Almost never played before. The main continuation is Esta jugada casi no fue
empleada antes. La continuación principal es} 13... dxc4 14. Qa4+ c6 15. Bxe6
fxe6 16. Qxc4 {When White wins the pawn back, maintaining some pressure.} Nd5 (
{Maybe Black should refrain from this move? In the most recent game played at
top level he obtained a quick draw with} 16... O-O $5 17. Qxe6+ Rf7 18. Be3 Qd6
19. Qxd6 {1/2-1/2 Anand,V (2794)-Kramnik,V (2797)/Mainz 2001/CBM 084. , but
this has to be checked still. Maybe it ws all about tournament situation and
things like that.}) 17. Rxe6 O-O 18. Be3 Bf6 (18... Kh8 19. Nxd5 cxd5 20. Qd3
Bf6 21. Rd1 Bxb2 22. Qxd5 Qxd5 23. Rxd5 b6 24. Re7 Kg8 25. g3 Rf7 26. Rdd7 $16
{[%csl Ya7,Ga8,Yb6] Magem Badals,J (2529)-Lalic,B (2548)/Seville 2000/EXT 2001
(1-0, 66)}) 19. Bc5 Rf7 20. Rae1 (20. Rd6 Qc7 21. Re1 Bxc3 22. bxc3 Re7 23.
Rd8+ Rxd8 24. Rxe7 b5 25. Qb3 Qf4 $132 {Magem Badals,J (2529)-Illescas Cordoba,
M (2581)/France 2000/EXT 2001 (0-1, 44)}) 20... Bxc3 21. bxc3 h6 {Shirov,A 
(2734)-Jussupow,A (2636)/Batumi 1999/CBM 074 (1/2-1/2, 32)} 22. Bd4 $14 {
Jussupow}) 14. Ne2 d3 15. Nf4 Nd4 16. Bxd3 {As expected, White has won the
courageous pawn, but his pieces have been distracted from the control of the
d4-square, allowing Black to install his knight there. Como cabía esperar, las
blancas han ganado el peón valiente, pero minetras tanto sus figuras han sido
distraídas del control de la casilla d4, permitiendo la instalación del
caballo enemigo en el centro.} O-O 17. Be3 Bc5 ({A new move. In the only game
where 13...d4 was played, Black prefered Una jugada nueva. En la única partida
anterior en la cual se había jugado 13...d4, las negras preferirieron} 17...
Bb4 {We can note Gelfand's different treatment of his bishops. His queen's
bishop made a longer move than in the main stream of theory, while his
colleague stopped just one square earlier than in the previous game. ,
Polgar-Shirov 1999. Podemos notar la actitud distinta de Gelfand hacía sus
alfiles. El alfil de dama efectuó una jugada un poco más larga que en la
corriente principal de la teória moderna, meintras que su colega paró una
casilla antes que en la partida anterior.} 18. Rf1 ({After the imaginative} 18.
Bxd4 Bxe1 19. a3 $5 {[%csl Ge1] , Black has} Re8 $1 {and it appears that it is
not so easy to maintain the bishop trapped and to win it effectively. For
instance} 20. Be3 Rxe3 21. fxe3 Bh4) (18. Bd2 $11) 18... c5 19. Ne2 (19. a3 Ba5
20. b4 $36) 19... Ng4 20. Bxd4 cxd4 21. Bf5 Ne5 22. Qxd4 Qxd4 23. Nxd4 {
1/2-1/2 Polgar,J (2671)-Shirov,A (2734)/Prague 1999/CBM 072} Nxc4 $11) 18. Qb1
$5 {The start of a far from natural regroupment. White's main problem is to
find a good square for his queen. Morozevich' main idea is to combine the
threat b4 with the pressure against the h7-pawn. El inicio de un
reagrupamiento bastante lejos de natural.} ({The natural} 18. Qd2 {is met by}
Qd6 $11 {[%cal Gc5b4] , winning a tempo because of the threat ...Bb4.}) (18.
Nh5 {, aiming to make some space available for the queen on the kingside is
not dangerous because of} g6 19. Nxf6+ Qxf6 20. Qd2 Ne6 $11 {[%csl Gd4]}) ({
However, things are slightly different after} 18. a3 $5 a5 {(Not forced, but
what else?)} 19. Nh5 g6 {, when White has} 20. b4 $3 {widening the area of
tension and causing Black serious problems of coordination. After} axb4 21.
axb4 $16 {[%csl Ga8,Gc5,Gd4,Gf6] the queen will not be able to defend all the
pieces in satisfactory way.}) 18... Qd6 {Natural centralisation.} 19. Rd1 (19.
b4 $2 Bxb4 20. Bxd4 {does not work because of} Bxe1) 19... Qe5 20. Bxh7+ $5 ({
The position is still not ripe for} 20. b4 $2 {because of} Nf3+ $1 21. gxf3
Bxe3 $17) (20. Kh1 {[%cal Yb2b4]} g6 (20... Rad8 21. b4 Ne6 {allows the
additional posibility} 22. Bxh7+ {If Black moves away with his king, Nd3 is
possible. Better is} Nxh7 23. Nxe6 Rxd1+ 24. Qxd1 Bd6 25. Nf4 Qe4 $44 {and
Black would have reasonable compensation for the pawn.}) 21. b4 $2 Ne6 $3 22.
bxc5 (22. Nxe6 $2 Ng4 $1 $19) 22... Nxf4 $11) 20... Nxh7 21. Nd3 Qf5 $5 {
Fighting for a win and... the second place in the Championship.} ({Black could
have forced a draw immediately with} 21... Ne2+ 22. Kh1 (22. Kf1 Qxh2 23. Nxc5
Nf4 24. Bxf4 Qxf4 $15) 22... Ng3+ $1 23. Kg1 $11 (23. hxg3 $2 Qh5+ 24. Kg1 Bxe3
25. fxe3 Nf6 $15)) 22. Nxc5 Nc2 23. b4 {A curious position. White has won a
pawn and keeps the enemy knight pinned. However, his queenside pieces are
temporarily stuck. For instance, the queen cannot move because of ...Nxa1. [#]
Una posición bastante curiosa. Las blancas han ganado un peón, manteniendo
clavado al caballo enemigo. Sin embargo, sus figuras del flanco de dama quedan
inmóviles por algún tiempo. Por ejemplo, cualquíera jugada de dama perdería
calidad por ...Cxa1.} (23. Nxb7 Nf6 {would lead to similar positions as in the
lines from the next comment.}) 23... Qg6 $6 {This careless move, dictated by
the understandable desire to unpin the knight as soon as possible, will remain
unpunished. Black has several ways of maintaining the tension. here are two of
them: Esta descuidada jugada, determinada por el comprensible deseo de
desclavar el caballo lo antes posible, quedará sin castigar. Solo un análisis
ulterior revelará cual sería la mejor forma de mantener la tensión.} (23... Nf6
{[%csl Gd5][%cal Gf6g4]} 24. Rd2 (24. Nxb7 {would send the knight far from the
centre, allowing Black increase his pressure gradually, starting with} Rfe8)
24... Nxe3 25. fxe3 Qe5 {Black has the better structure and coordination,
while his queen occupies a dominating position. Therefore, he has excellent
compensation for the pawn.} 26. Qe1 Ng4 27. g3 Rfd8 28. Rad1 Rxd2 29. Rxd2 a5
$36 {and White has problems keeping his position together.}) ({The immediate} 
23... a5 {is also possible.} 24. Rd5 {Forced.} (24. b5 $2 {loses a piece to}
Nxe3 {[%csl Gc5]}) 24... Qg6 25. b5 (25. Ne6 $2 {does not work now because
after} Nxa1 $1 $19 {[%csl Gb1] the white queen is not defended, making the
intermediate Nxf8 impossible.}) 25... Nxa1 26. Qxa1 Qc2 $15) 24. a4 ({Missing
the spectacular Pasando por alto la espectacular} 24. Ne6 $1 {The knight's
incursion with gain of time is unpleasant enough (it could soon reach such a
central square as d5), but the point is that after La incursión del caballo es
bastante molesta por si misma (por ejemplo, podrá llegar a d5 con ganancía de
tiempo), pero el problema es que} fxe6 {the queen remains undefended, allowing
dejaría a la dama indefensa, permitiendo} 25. Rd2 {with a sound extra-pawn for
White. con unpeón de mas para las blancas.}) 24... Nxa1 25. Qxg6 fxg6 26. Rxa1
Nf6 27. h3 Rfe8 28. a5 {White has sufficient compensation for the exchange,
because of his active minor pieces and advantage of space on the queenside. [#]
Las blancas tienen suficiente compensación para la calidad, por su ventaja de
espacio del flanco de dama y la posición activa de sus figuras menores.} b6 29.
Nb3 Ne4 30. c5 bxc5 31. Nxc5 Nc3 32. Na6 Nd5 33. Rc1 Nxe3 34. fxe3 Rxe3 35.
Rxc7 Re2 {White's king is very vulnerable now, but his queenside pawn majority
forces Black to quick action, not allowing him the necessary time to build up
a mate net with the reduced material left on board.} 36. Kh2 Rf8 37. Rxa7 Rff2
38. Kg3 Rxg2+ 39. Kf3 Rgf2+ 40. Kg3 Rg2+ 41. Kf3 Rgf2+ 42. Kg3 g5 43. b5 Rf4
44. b6 Re3+ 45. Kg2 Re2+ 1/2-1/2